LEADER 03468nam 2200661 450 001 9910812811603321 005 20230807212340.0 010 $a1-118-94475-5 010 $a1-118-94474-7 010 $a1-118-94476-3 035 $a(CKB)3710000000324499 035 $a(EBL)1910156 035 $a(OCoLC)895501055 035 $a(SSID)ssj0001400927 035 $a(PQKBManifestationID)11765242 035 $a(PQKBTitleCode)TC0001400927 035 $a(PQKBWorkID)11358459 035 $a(PQKB)10918072 035 $a(MiAaPQ)EBC1910156 035 $a(DLC) 2014045114 035 $a(Au-PeEL)EBL1910156 035 $a(CaPaEBR)ebr11005762 035 $a(CaONFJC)MIL692340 035 $a(EXLCZ)993710000000324499 100 $a20141113d2015 uy| 0 101 0 $aeng 135 $aur||||||||||| 181 $ctxt 182 $cc 183 $acr 200 00$aTransition and justice $enegotiating the terms of new beginnings in Africa /$fedited by Gerhard Anders and Olaf Zenker 210 1$aHoboken, New Jersey :$cWiley-Blackwell,$d2015. 215 $a1 online resource (256 p.) 225 1 $aDevelopment and change ;$vvolume 45, issue 3 300 $aDescription based upon print version of record. 311 $a1-322-61058-4 311 $a1-118-94477-1 320 $aIncludes bibliographical references and index. 327 $aMachine generated contents note: Notes on Contributors 1 Transition and Justice: An Introduction Gerhard Anders and Olaf Zenker 2 Making Good Citizens from Bad Life in Post-Genocide Rwanda Simon Turner 3 Performing Repatriation? The Role of Refugee Aid in Shaping New Beginnings in Mauritania Marion Fresia 4 Conflicting Logics of Exceptionality: New Beginnings and the Problem of Police Violence in Post-Apartheid South Africa Steffen Jensen 5 The 2011 Toilet Wars in South Africa: Justice and Transition between the Exceptional and the Everyday after Apartheid Steven Robins 6 New Law against an Old State: Land Restitution as a Transition to Justice in Post-Apartheid South Africa? Olaf Zenker 7 Transitional Justice, States of Emergency and Business as Usual in Sierra Leone Gerhard Anders 8 'When we Walk Out, What was it all About?': Views on New Beginnings from within the International Criminal Tribunal for Rwanda Nigel Eltringham 9 New Start or False Start? The ICC and Electoral Violence in Kenya Sabine Hohn 10 Justice without Peace? International Justice and Conflict Resolution in Northern Uganda Kimberley Armstrong 11 The Violence of Peace: Ethnojustice in Northern Uganda Adam Branch Index. 330 $a"This book examines a series of cases where peaceful 'new beginnings' have been declared after periods of violence and where transitional justice institutions played a role in defining justice and the new socio-political order"--$cProvided by publisher. 410 0$aDevelopment and change (Unnumbered) 606 $aPeace-building$zAfrica$vCase studies 606 $aTransitional justice$zAfrica$vCase studies 606 $aTruth commissions$zAfrica$vCase studies 615 0$aPeace-building 615 0$aTransitional justice 615 0$aTruth commissions 676 $a303.6/9 686 $aPOL023000$2bisacsh 702 $aAnders$b Gerhard 702 $aZenker$b Olaf 801 0$bMiAaPQ 801 1$bMiAaPQ 801 2$bMiAaPQ 906 $aBOOK 912 $a9910812811603321 996 $aTransition and justice$93949482 997 $aUNINA LEADER 00764nam a2200205 u 4500 001 991004324336807536 005 20240528120758.0 008 240528s2022 it er 001 0 ita 040 $aBibl. Dip.le Aggr. Scienze Umane e Sociali - Sez. Studi Storici 082 04$a945.911 100 1 $aPutzulu, Evandro$01737358 245 10$aIl problema delle origini del castellum Castri de Kallari /$cEvandro Putzulu 260 $aCagliari :$bEditrice sarda Fossataro,$c1976 300 $aP. 91-146 ;$c24 cm 490 0 $aArchivio storico sardo ;$v30 500 $aEstratto da: Archivio storico sardo, v. 30 651 4$aCagliari$xStoria$xOrigini 912 $a991004324336807536 996 $aIl problema delle origini del castellum Castri de Kallari$94159025 997 $aUNISALENTO LEADER 05655nam 2200781 a 450 001 9910815580003321 005 20200520144314.0 010 $a9786613316189 010 $a9781119960942 010 $a1119960940 010 $a9781283316187 010 $a1283316188 010 $a9781119954743 010 $a1119954746 010 $a9781119954736 010 $a1119954738 035 $a(CKB)2550000000057693 035 $a(EBL)822579 035 $a(OCoLC)773564818 035 $a(SSID)ssj0000534800 035 $a(PQKBManifestationID)11346942 035 $a(PQKBTitleCode)TC0000534800 035 $a(PQKBWorkID)10518699 035 $a(PQKB)11148134 035 $a(MiAaPQ)EBC822579 035 $a(Au-PeEL)EBL822579 035 $a(CaPaEBR)ebr10506270 035 $a(CaONFJC)MIL331618 035 $a(PPN)190188294 035 $a(Perlego)1011653 035 $a(EXLCZ)992550000000057693 100 $a20110808d2012 uy 0 101 0 $aeng 135 $aur|n|---||||| 181 $ctxt 182 $cc 183 $acr 200 00$aCarbon meta-nanotubes $esynthesis, properties and applications /$f[edited by] Marc Monthioux 205 $a2nd ed. 210 $aHoboken, N.J. $cJohn Wiley & Sons$d2012 215 $a1 online resource (462 p.) 300 $aDescription based upon print version of record. 311 08$a9780470512821 311 08$a0470512822 320 $aIncludes bibliographical references and index. 327 $aCarbon Meta-Nanotubes: Synthesis, Properties and Applications; Contents; List of Contributors; Foreword; List of Abbreviations; Acknowledgements; Introduction to the Meta-Nanotube Book; 1 Time for a Third-Generation of Carbon Nanotubes; 2 Introducing Meta-Nanotubes; 2.1 Doped Nanotubes (X:CNTs); 2.2 Functionalized Nanotubes (X-CNTs); 2.3 Decorated (Coated) Nanotubes (X/CNTs); 2.4 Filled Nanotubes (X@CNTs); 2.5 Heterogeneous Nanotubes (X*CNTs); 3 Introducing the Meta-Nanotube Book; References; 1 Introduction to Carbon Nanotubes; 1.1 Introduction 327 $a1.2 One Word about Synthesizing Carbon Nanotubes1.3 SWCNTs: The Perfect Structure; 1.4 MWCNTs: The Amazing (Nano)Textural Variety; 1.5 Electronic Structure; 1.6 Some Properties of Carbon Nanotubes; 1.7 Conclusion; References; 2 Doped Carbon Nanotubes: (X:CNTs); 2.1 Introduction; 2.1.1 Scope of this Chapter; 2.1.2 A Few Definitions; 2.1.3 Doped/Intercalated Carbon Allotropes - a Brief History; 2.1.4 What Happens upon Doping SWCNTs?; 2.2 n-Doping of Nanotubes; 2.2.1 Synthetic Routes for Preparing Doped SWCNTs; 2.2.2 Crystalline Structure and Chemical Composition of n-Doped Nanotubes 327 $a2.2.3 Modification of the Electronic Structure of SWCNTs upon Doping2.2.4 Electrical Transport in Doped SWCNTs; 2.2.5 Spectroscopic Evidence for n-Doping; 2.2.6 Solutions of Reduced Nanotubes; 2.3 p-Doping of Carbon Nanotubes; 2.3.1 p-Doping of SWCNTs with Halogens; 2.3.2 p-Doping with Acceptor Molecules; 2.3.3 p-Doping of SWCNTs with FeCl3; 2.3.4 p-Doping of SWCNTs with SOCl2; 2.3.5 p-Doping of SWCNTs with Acids; 2.3.6 p-Doping of SWCNTs with Superacids; 2.3.7 p-Doping with other Oxidizing Agents; 2.3.8 Diameter Selective Doping; 2.4 Practical Applications of Doped Nanotubes 327 $a2.5 Conclusions, PerspectivesReferences; 3 Functionalized Carbon Nanotubes: (X-CNTs); 3.1 Introduction; 3.2 Functionalization Routes; 3.2.1 Noncovalent Sidewall Functionalization of SWCNTs; 3.2.2 Covalent Functionalization of SWCNTs; 3.3 Properties and Applications; 3.3.1 Electron Transfer Properties and Photovoltaic Applications; 3.3.2 Chemical Sensors (FET-Based); 3.3.3 Opto-Electronic Devices (FET-Based); 3.3.4 Biosensors; 3.4 Conclusion; References; 4 Decorated (Coated) Carbon Nanotubes: (X/CNTs); 4.1 Introduction; 4.2 Metal-Nanotube Interactions - Theoretical Aspects 327 $a4.2.1 Curvature-Induced Effects4.2.2 Effect of Defects and Vacancies on the Metal-Graphite Interactions; 4.3 Carbon Nanotube Surface Activation; 4.4 Methods for Carbon Nanotube Coating; 4.4.1 Deposition from Solution; 4.4.2 Self-Assembly Methods; 4.4.3 Electro- and Electrophoretic Deposition; 4.4.4 Deposition from Gas Phase; 4.4.5 Nanoparticles Decorating Inner Surfaces of Carbon Nanotubes; 4.5 Characterization of Decorated Nanotubes; 4.5.1 Electron Microscopy and X-ray Diffraction; 4.5.2 Spectroscopic Methods; 4.5.3 Porosity and Surface Area; 4.6 Applications of Decorated Nanotubes 327 $a4.6.1 Sensors 330 $a"The book will present different chapters corresponding to each of the meta-nanotube categories. There will be an introductory chapter that will provide the basics of what is needed to be known about pristine nanotubes to understand what is in the subsequent chapters. Each of the chapters that follow the introductory chapter will cover aspects from synthesis to applications, characterization, behavior, properties, and mechanisms. These chapters will focus on heterogeneous nanotubes, doped nanotubes, functionalized nanotubes, coated nanotubes and hybrid nanotubes, respectively, and will be followed by a final concluding chapter"--$cProvided by publisher. 606 $aNanostructured materials 606 $aNanotubes 606 $aOrganic compounds$xSynthesis 615 0$aNanostructured materials. 615 0$aNanotubes. 615 0$aOrganic compounds$xSynthesis. 676 $a620.1/17 686 $aTEC021000$2bisacsh 701 $aMonthioux$b Marc$01623090 801 0$bMiAaPQ 801 1$bMiAaPQ 801 2$bMiAaPQ 906 $aBOOK 912 $a9910815580003321 996 $aCarbon meta-nanotubes$93957292 997 $aUNINA